Contemporary bayesian and frequentist statistical research methods for natural resource scientists

The book provides case studies illustrating common problems that exist in the natural resource sciences and presents the statistical knowledge and tools needed for a modern treatment of these issues

保存先:
書誌詳細
第一著者: Stauffer, Howard B.
フォーマット: 図書
言語:Undetermined
出版事項: New Jersey John Wiley & Sons 2008
主題:
タグ: タグ追加
タグなし, このレコードへの初めてのタグを付けませんか!
Thư viện lưu trữ: Trung tâm Học liệu Trường Đại học Cần Thơ
LEADER 00896nam a2200205Ia 4500
001 CTU_164325
008 210402s9999 xx 000 0 und d
020 |c 101 
082 |a 519.542 
082 |b S798 
100 |a Stauffer, Howard B. 
245 0 |a Contemporary bayesian and frequentist statistical research methods for natural resource scientists 
245 0 |c Howard B. Stauffer 
260 |a New Jersey 
260 |b John Wiley & Sons 
260 |c 2008 
520 |a The book provides case studies illustrating common problems that exist in the natural resource sciences and presents the statistical knowledge and tools needed for a modern treatment of these issues 
650 |a Bayesian statistical theory,Mathematical statistics,Lý thuyết thống kê Bayes,Toán học thống kê 
904 |i Bạch Trúc 
980 |a Trung tâm Học liệu Trường Đại học Cần Thơ